Psychology for Nurses (Record no. 156523)
[ view plain ]
| 000 -LEADER | |
|---|---|
| fixed length control field | 00362nam a2200145Ia 4500 |
| 008 - FIXED-LENGTH DATA ELEMENTS--GENERAL INFORMATION | |
| fixed length control field | 230411s9999 xx 000 0 und d |
| 020 ## - INTERNATIONAL STANDARD BOOK NUMBER | |
| International Standard Book Number | 81-8448-446-1 |
| 041 ## - LANGUAGE CODE | |
| Language code of text/sound track or separate title | eng |
| 082 ## - DEWEY DECIMAL CLASSIFICATION NUMBER | |
| Classification number | PY/150/SRE/B06063 |
| 100 ## - MAIN ENTRY--PERSONAL NAME | |
| Personal name | Sreevani R |
| 245 ## - TITLE STATEMENT | |
| Title | Psychology for Nurses |
| 260 ## - PUBLICATION, DISTRIBUTION, ETC. (IMPRINT) | |
| Name of publisher, distributor, etc. | Jaypee Brothers |
| Place of publication, distribution, etc. | New Delhi |
| Date of publication, distribution, etc. | 2009 |
| 300 ## - PHYSICAL DESCRIPTION | |
| Extent | 324p |
| Withdrawn status | Lost status | Damaged status | Not for loan | Collection code | Home library | Current library | Date acquired | Vendor | Cost, normal purchase price | Bill number | Total Checkouts | Total Renewals | Full call number | Barcode | Date last seen | Date last checked out | Cost, replacement price | Bill Date | Koha item type | Original Barcode | Shelving control number | Checked out |
|---|---|---|---|---|---|---|---|---|---|---|---|---|---|---|---|---|---|---|---|---|---|---|
| Smt. Bakul Tambat Institute of Nursing Education | Smt. Bakul Tambat Institute of Nursing Education | 11/02/2010 | Jaypee Brothers Medical Publishers | 275.00 | 5499 | 36 | 8 | PY 150 SRE B06063 | BTIN-BK-6063 | 03/07/2025 | 03/07/2025 | 199.00 | 11/02/2010 | Books | B06063 | |||||||
| Smt. Bakul Tambat Institute of Nursing Education | Smt. Bakul Tambat Institute of Nursing Education | 25/02/2011 | Jaypee Brothers Medical Publishers | 295.00 | 5499 | 35 | 11 | PY 150 SRE B06568 | BTIN-BK-6568 | 22/01/2026 | 16/01/2026 | 215.00 | 11/02/2010 | Books | B06568 | |||||||
| Smt. Bakul Tambat Institute of Nursing Education | Smt. Bakul Tambat Institute of Nursing Education | 26/12/2011 | B.J.Medical Co-oprative College Stores | 325.00 | 5499 | 22 | 9 | PY 150 SRE B06954 | BTIN-BK-6954 | 06/01/2025 | 06/01/2025 | 244.00 | 11/02/2010 | Books | B06954 | 2 | 20/01/2025 | |||||
| Smt. Bakul Tambat Institute of Nursing Education | Smt. Bakul Tambat Institute of Nursing Education | 26/12/2011 | B.J.Medical Co-oprative College Stores | 325.00 | 5499 | 36 | 14 | PY 150 SRE B06955 | BTIN-BK-6955 | 29/01/2026 | 28/01/2026 | 244.00 | 11/02/2010 | Books | B06955 | 2 | ||||||
| Smt. Bakul Tambat Institute of Nursing Education | Smt. Bakul Tambat Institute of Nursing Education | 05/09/2012 | S.K.Kothari,Pune. | 375.00 | 5499 | PY 150 SRE B07179 | BTIN-BK-7179 | 11/04/2023 | 262.00 | 11/02/2010 | Books | B07179 | 3 | |||||||||
| Smt. Bakul Tambat Institute of Nursing Education | Smt. Bakul Tambat Institute of Nursing Education | 05/09/2012 | S.K.Kothari,Pune. | 375.00 | 5499 | PY 150 SRE B07180 | BTIN-BK-7180 | 11/04/2023 | 262.00 | 11/02/2010 | Books | B07180 | 3 | |||||||||
| Smt. Bakul Tambat Institute of Nursing Education | Smt. Bakul Tambat Institute of Nursing Education | 05/03/2016 | Jaypee Brothers Medical Publishers | 295.00 | 5499 | 7 | PY 150 SRE B08135 | BTIN-BK-8135 | 09/06/2025 | 02/06/2025 | 206.50 | 11/02/2010 | Books | B08135 | ||||||||
| Smt. Bakul Tambat Institute of Nursing Education | Smt. Bakul Tambat Institute of Nursing Education | 05/03/2016 | Jaypee Brothers Medical Publishers | 295.00 | 5499 | 6 | 2 | PY 150 SRE B08136 | BTIN-BK-8136 | 09/06/2025 | 03/06/2025 | 206.50 | 11/02/2010 | Books | B08136 | |||||||
| Smt. Bakul Tambat Institute of Nursing Education | Smt. Bakul Tambat Institute of Nursing Education | 05/03/2016 | Jaypee Brothers Medical Publishers | 295.00 | 5499 | 16 | 2 | PY 150 SRE B08137 | BTIN-BK-8137 | 05/07/2025 | 27/06/2025 | 206.50 | 11/02/2010 | Books | B08137 | |||||||
| Smt. Bakul Tambat Institute of Nursing Education | Smt. Bakul Tambat Institute of Nursing Education | 05/03/2016 | Jaypee Brothers Medical Publishers | 295.00 | 5499 | 29 | 3 | PY 150 SRE B08138 | BTIN-BK-8138 | 04/04/2026 | 04/04/2026 | 206.50 | 11/02/2010 | Books | B08138 | 20/04/2026 |